000 00230nam a2200097Ia 4500
005 20251222114411.0
008 251222s1900||||xx |||||||||||||| ||spa||
082 _aDVD0093/P51/2002
245 0 _aSer y tener:Etre et Avoir
942 _cDVD
999 _c2054
_d2054